Répertoire des organisations non-gouvernementales membres du CONGAD.
Saved in:
| Corporate Author: | |
|---|---|
| Format: | Book |
| Language: | French |
| Published: |
Dakar, Sénégal :
CONGAD,
c1994.
|
| Edition: | Edition 1994-1995. |
| Subjects: | |
| Tags: |
Add Tag
No Tags, Be the first to tag this record!
|
| LEADER | 00922nam a2200229 a 4500 | ||
|---|---|---|---|
| 001 | 007775997-4 | ||
| 005 | 20060613092349.0 | ||
| 008 | 980429s1994 sg a 000|0 fre d | ||
| 035 | 0 | |a ocm40526654 | |
| 043 | |a f-sg--- | ||
| 110 | 2 | |a Conseil des organisations non-gouvernementales d'appui au développement. |b Centre d'information et de documentation. | |
| 245 | 1 | 0 | |a Répertoire des organisations non-gouvernementales membres du CONGAD. |
| 246 | 1 | 4 | |a Répertoire des ONG membres du CONGAD |
| 250 | |a Edition 1994-1995. | ||
| 260 | |a Dakar, Sénégal : |b CONGAD, |c c1994. | ||
| 300 | |a 212 p. : |b ill. ; |c 21 cm. | ||
| 610 | 2 | 0 | |a Conseil des organisations non-gouvernementales d'appui au développement |x Directories. |
| 650 | 0 | |a Economic development |x Directories. | |
| 650 | 0 | |a Economic development projects |z Senegal |x Directories. | |
| 650 | 0 | |a Non-governmental organizations |z Senegal |x Directories. | |
| 988 | |a 20020608 | ||
| 906 | |0 MH | ||


